00497nam a2200145Ia 4500008004100000020001800041050001600059100003400075245005900109260002100168300001600189650003600205952009300241999001700334120626s9999 xx 000 0 und d a970-24-0413-4 aHF5550 M684 aMORENO FERNÁNDEZ, Joaquín aPlaneación Financiera / Joaquín Moreno Fernández aMéxico : CECSA aXII, 185 p. a1. FINANZAS 2. CONTABILIDADÌ 00104070a09b09d2007-01-23l0oHF5550 M684p09 000298r2012-06-26t1w2012-06-26yLB c63629d63629